000 00679 a2200217 4500
001 54232
005 20260407155813.0
008 260407a1968 arg spa d
003 AR-UNSa-BCEJYS
040 _aAR-UNSa-BCEJYS
_bspa
_cAR-UNSa-BCEJYS
080 _a330.85
_xDoctrina económica marxista-leninista
245 1 0 _aTeoría económica
250 _a2a. ed.
264 1 _aBarcelona :
_bEdiciones Península
_c1968
300 _a306 p.
_c20 cm.
505 _a1. Las bases ideológicas - 2. El análisis económico Marxista - 3. La naturaleza de la sociedad comunista
041 _aspa
942 _cBK
590 _aniveau_biblio:m niveau_hierar:0
100 1 _aMarx, Karl
999 _c5403
_d5403